| 000 | 00367nam a22001577a 4500 | ||
|---|---|---|---|
| 003 | OSt | ||
| 005 | 20220128090944.0 | ||
| 008 | 220128b |||||||| |||| 00| 0 eng d | ||
| 020 | _a9788174092403 | ||
| 040 | _cHU | ||
| 082 | _a621.31924 | ||
| 100 |
_aUppal S.L _928792 |
||
| 245 | _aElectrcal Wiring Estimating And Costing | ||
| 300 | _f912 | ||
| 942 |
_2ddc _cBOOKS _n0 |
||
| 999 |
_c28273 _d28273 |
||